Zvýšenie súdnych a správnych poplatkov od 1.4.2024

Dňa 19.12.2023 Národná rada SR schválila zákon č. 530/2023 Z.z., ktorým sa menia a dopĺňajú niektoré zákony v súvislosti so zlepšením stavu verejných financií, inak nazývaný aj ako konsolidačný balíček - lex konsolidácia (ďalej len "zákon č. 530/2023 Z.z."). Tento článok prináša informácie o zmenách...

Description complète

Enregistré dans:
Détails bibliographiques
Auteur principal: Mičudová, Tatiana
Format: Chapitre de livre
Langue:slovaque
Sujets:
Tags: Ajouter un tag
Pas de tags, Soyez le premier à ajouter un tag!

MARC

LEADER 00000naa a2200000 4500
001 0300379
005 20240517132557.7
041 0 |a slo 
044 |a SK 
245 1 0 |a Zvýšenie súdnych a správnych poplatkov od 1.4.2024  |c Tatiana Mičudová 
520 |a Dňa 19.12.2023 Národná rada SR schválila zákon č. 530/2023 Z.z., ktorým sa menia a dopĺňajú niektoré zákony v súvislosti so zlepšením stavu verejných financií, inak nazývaný aj ako konsolidačný balíček - lex konsolidácia (ďalej len "zákon č. 530/2023 Z.z."). Tento článok prináša informácie o zmenách v súdnych či správnych poplatkoch, ktoré platia od 1.4.2024. 
610 2 0 |a konsolidácia 
610 2 0 |a legislatíva 
610 2 0 |a novelizácia 
610 2 0 |a likvidácia podniku 
610 2 0 |a exekúcia 
610 2 0 |a poplatky správne 
610 2 0 |a poplatky súdne 
100 1 |a Mičudová, Tatiana